Trainer des 1. FC Nürnbergs seit 2000 - Statistiken

Allgemein
  • Dieses Quiz wurde 276 mal gespielt
    151 seit der letzten Aktualisierung
  • Das Durchschnittsergebnis liegt bei 12 aus 27
Antwortstatistiken
Jahr Trainer % Korrekt
seit 2024 Miroslav Klose
97%
2009-2012 Dieter Hecking
87%
2023 Dieter Hecking
87%
2023-2023 Christian Fiel
66%
2005-2008 Hans Meyer
66%
2017-2019 Michael Köllner
64%
2020 Michael Wiesinger
64%
2012-2013 Michael Wiesinger/Armin Reutershahn
64%
2020-2022 Robert Klauß
58%
2019 Marek Mintal
53%
2022-2023 Markus Weinzierl
50%
2013-2014 Gertjan Verbeek
45%
2003-2005 Wolfgang Wolf
42%
2019-2020 Jens Keller
36%
2014 Valérien Ismaël
36%
2019 Boris Schommers
32%
2008-2009 Michael Oenning
32%
2000-2003 Klaus Augenthaler
30%
2014-2016 René Weiler
30%
2016-2017 Alois Schwartz
29%
2019 Damir Canadi
28%
2008 Thomas von Heesen
21%
2013 Roger Prinzen
19%
2014 Roger Prinzen
19%
1999-2000 Friedel Rausch
9%
2005 Dieter Lieberwirth
5%
2000 Thomas Brunner
5%
Keine übereinstimmenden Quizze gefunden
Verteilung der Resultate
Anzahl Personen mit jedem Resultat
Perzentil nach korrekt beantworteten Fragen
Ihre Resultats-Entwicklung
Sie haben dieses Quiz seit der letzten Aktualisierung nicht gespielt